000 00498nam a2200181Ia 4500
005 20250508160256.0
008 008 250505s9999 xx 000 0 eng d
037 _aTextual
040 _aFEDL
_beng
_cFEDL
041 _aeng
_2eng
084 _a372.5, COL
_qFEDL
100 _aCole Natalie Robinson
_9757125
245 0 _aArts in the classroom
260 _aNew York, USA
_bThe John Day Company
_c1940
300 _a137p
942 _cTEXL
_h372.5, COL
999 _c1363324
_d1363324